000 00387nam a2200157Ia 4500
008 210716s1993 xx 000 0 und d
020 _a8170291233
041 _aeng
082 _a005.3631 PANC
100 _aPandit, Chetan M.
245 _aAdvanced techniques in turbo pascal.
250 _a1
260 _aNew Delhi
_bBPB Publications
_c1993
300 _axvi,257
650 _aNone
999 _c182578
_d182578